Chương trình môn học: Thiết bị cơ khí- dành cho ngành sửa chữa khai thác thiết bị cơ khí- thời gian 80 tiết ,
Shranjeno v:
| Format: | Knjiga |
|---|---|
| Jezik: | Vietnamese |
| Izdano: |
H.
Trường Kỹ Nghệ Thực Hành Hà Nội,
1993
|
| Izdaja: | lần thứ I |
| Teme: | |
| Oznake: |
Označite
Brez oznak, prvi označite!
|
| Thư viện lưu trữ: | Thư viện Trường CĐ Kỹ Thuật Cao Thắng |
|---|
| LEADER | 00869nam a2200241 a 4500 | ||
|---|---|---|---|
| 001 | TVCDKTCT22976 | ||
| 003 | CT=005 20150116074505.1 | ||
| 005 | 20150204102949.1 | ||
| 008 | 150115syyyy vn | ||
| 980 | \ | \ | |a Thư viện Trường CĐ Kỹ Thuật Cao Thắng |
| 024 | |a RG_1 #1 eb0 | ||
| 020 | # | # | |c 5.000 Đồng |
| 041 | 0 | # | |a vie |
| 082 | # | # | |a 621.8 |b CH561T |
| 245 | # | # | |a Chương trình môn học: Thiết bị cơ khí- dành cho ngành sửa chữa khai thác thiết bị cơ khí- thời gian 80 tiết , |
| 250 | # | # | |a lần thứ I |
| 260 | # | # | |a H. |b Trường Kỹ Nghệ Thực Hành Hà Nội, |c 1993 |
| 300 | # | # | |a 8 tr |c 24 cm |
| 541 | # | # | |a Tặng |
| 650 | # | 4 | |a Chương trình môn học |
| 650 | # | 4 | |a Thiết bị cơ khí |
| 653 | # | # | |a Cơ khí |
| 841 | # | # | |b Kho Sách |j 100044263 |